Central Library OPAC University of Rajshahi

Report of the Consultative Committee on secondary education with special reference to grammar schools and technical high schools / (Record no. 46785)

MARC details
000 -LEADER
fixed length control field 00779nam a2200217 a 4500
001 - CONTROL NUMBER
control field 46785
003 - CONTROL NUMBER IDENTIFIER
rucl marc code BD-RjUL
005 - DATE AND TIME OF LATEST TRANSACTION
control field 20211209054214.0
008 - FIXED-LENGTH DATA ELEMENTS--GENERAL INFORMATION
fixed length control field 160804s19521938enk 00000 eng d
035 ## - SYSTEM CONTROL NUMBER
System control number (BD-RjUL)46904
System control number 748443
040 ## - CATALOGING SOURCE
Original cataloging agency ANL
Language of cataloging eng
Modifying agency ANL
Transcribing agency BD-RjUL
041 ## - LANGUAGE CODE
Language code of text/sound track or separate title eng
082 0# - DEWEY DECIMAL CLASSIFICATION NUMBER
Classification number 373.42
Edition number BOR 1952
110 1# - MAIN ENTRY--CORPORATE NAME
Corporate name or jurisdiction name as entry element Board of Education.
Subordinate unit Consultative Committee.
9 (RLIN) 142552
245 10 - TITLE STATEMENT
Title Report of the Consultative Committee on secondary education with special reference to grammar schools and technical high schools /
Statement of responsibility, etc. Board of Education ; Consultative Committee.
260 ## - PUBLICATION, DISTRIBUTION, ETC. (IMPRINT)
Place of publication, distribution, etc. Lond. :
Name of publisher, distributor, etc. H.M.S.O.,
Date of publication, distribution, etc. 1938.
-- [reprinted 1952]
300 ## - PHYSICAL DESCRIPTION
Pagination xxxviii, 477 p. ;
Illustrations ill. ;
Size 24 cm.
650 #0 - SUBJECT ADDED ENTRY--TOPICAL TERM
Topical term or geographic name as entry element Education, Secondary
Geographic subdivision Great Britain.
9 (RLIN) 137404
942 ## - ADDED ENTRY ELEMENTS (KOHA)
Source of classification or shelving scheme Dewey Decimal Classification
Koha item type Books
Holdings
Lost status Source of classification or shelving scheme Damaged status Not for loan Collection code Permanent Location Current Location Shelving location Date acquired Source of acquisition Cost, normal purchase price Total Checkouts Full call number Date last seen Copy number Koha item type
  Dewey Decimal Classification     Non-fiction Central Library, University of Rajshahi Central Library, University of Rajshahi   01/06/1953 Pak. American .Com. 4.11   373.42 BOR 1952 04/08/2016 C-2 Books